000 00467nam a2200181Ia 4500
005 20250529121448.0
008 231207s9999 xx 000 0 und d
020 _a9781599150659
040 _cPK-LaNCA
082 _a398
_bBAB
100 _aBabbit, Ellen C.
245 0 _aJataka tales
_cEllen C. Babbit
260 _bYestersay's Classics
_aNorth Carolina
_c2006
300 _a76p
546 _aEnglish
650 _aBuddhist stories, Folklore
942 _cM.PHIL.
999 _c26326
_d26326